=LDR 00000nam 2200000 4500 =001 INLIS000000000021160 =005 20130612120037 =008 ***********************************Ind** =035 ##$$0010-061300000021160 =041 ##$$a Ind =082 ##$$a 411.51 =090 ##$$a 411.51, Fon f =245 ##$$a Fonologi bahasa Angkola =260 ##$$a 1997 $b Jakarta =300 ##$$a xiv, 157 hlm, 21 cm =650 ##$$a Bahasa Batak-Fonologi =850 ##$$a NBPNMAT